000 00676nam a2200289Ia 4500
005 20260324141501.0
008 008 260324s9999 xx 000 0 eng d
020 _a9781315006017
037 _aEBOOK
040 _aCRL
040 _beng
040 _cCRL
041 _2eng
041 _aeng
084 _qCRL
100 _aDavid Goodman; Gerald Segal
_91208365
245 0 _aChina Rising
245 0 _bNationalism and Interdependence
260 _bTaylor and Francis
260 _c1997
365 _a
365 _b240
856 _uhttp://www.taylorfrancis.com/books/9781315006017
942 _cEBOOK
999 _c1811506
_d1811506